Корешки билетов, выданных делегатам X съезда партии кадетов

Доступно только в Электронных читальных залах Найти на картеНа карте
RUSMARC
00003294nac2a22002411x 450
00104939154-13c8-4ada-8ce7-1bd1301144c2
00520131127125827.0
100##$a20130529l1917 k y0rusy50 ca
1010#$arus
102##$aRU
105##$ay z |||||
1220#$ad191710
2001#$aКорешки билетов, выданных делегатам X съезда партии кадетов
$jОктябрь 1917
215##$a10 листов
251##$cДело
300##$aЛист I: на чистом листе с водяными знаками - заверитель и отметки о проверке
461#0$10011d649a3b-ccdf-484e-a423-ec64c785c8ed
$12001
$aПартия народной свободы (кадеты)
$1251
$cФонд
$1852
$j523
462#0$10018b9e8422-dd9e-4ea7-b938-3dc971685134
$12001
$aПартия народной свободы (кадеты). 1905-1917 гг.
$1251
$cОпись
$1852
$j2
60102$3RU\NLR\AUTH\661232767
$aКонституционно-демократическая партия
60102$aПартия народной свободы. Съезд (10)
801#0$aRU
$bGA_RF
801#1$aRU
$bНПО Опыт
$c20130529
$2rusmarc
801#2$aRU
$bПБ им. Б.Н. Ельцина
$c20131127
$gRCR
$2rusmarc
852##$aГА РФ
$j42
937##$d42103200
$hПБ
035##$aRuPRLIB51000339
Формат отображения